ბათუმის შოთა რუსთაველის სახელმწიფო უნივერსიტეტის ბიბლიოთეკა

Практикум по физиологии растений (ბიბ.ჩანაწერი № 35563)

000 -LEADER
fixed length control field 00535nam a2200205Ia 4500
001 - CONTROL NUMBER
control field 1424
003 - CONTROL NUMBER IDENTIFIER
control field GE_BSU
008 - FIXED-LENGTH DATA ELEMENTS--GENERAL INFORMATION
fixed length control field 181216s||||||||xx |||||||||||||| ||und||
040 ## - CATALOGING SOURCE
Transcribing agency GE_BSU
080 ## - UNIVERSAL DECIMAL CLASSIFICATION NUMBER
Universal Decimal Classification number 581.1(075.8)
100 ## - MAIN ENTRY--PERSONAL NAME
Personal name Баславская С. С.
245 ## - TITLE STATEMENT
Title Практикум по физиологии растений
260 ## - PUBLICATION, DISTRIBUTION, ETC.
Place of publication, distribution, etc. Москва
260 ## - PUBLICATION, DISTRIBUTION, ETC.
Name of publisher, distributor, etc. Изд-во ун-та
260 ## - PUBLICATION, DISTRIBUTION, ETC.
Date of publication, distribution, etc. 1964
300 ## - PHYSICAL DESCRIPTION
Extent 327 с. 21 см.
653 ## - INDEX TERM--UNCONTROLLED
Uncontrolled term Физиология растений
942 ## - ADDED ENTRY ELEMENTS (KOHA)
Koha item type წიგნი
ეგზემპლარები
Withdrawn status Lost status Damaged status Not for loan Date acquired Barcode Date last seen Price effective from Koha item type
        2018-12-17 2889 2018-12-17 2018-12-17 წიგნი